000 00579cam a22002291 4500
001 sa 68000234
003 DLC
005 20260227112421.0
008 890705s1963 xx a 000 0 nepo
010 _asa 68000234
035 _a(OCoLC)19963277
040 _aDLC
_cWaU
_dDLC
042 _apremarc
043 _aa-np---
050 0 0 _aDS485.N4
_bM5
100 1 _aMishra, Madan Mohan,
_d1931-
245 1 0 _aNepāla saṃskr̥tiyā chagū jhalaka.
260 _c1084 [1963]
300 _a2, 37 p.
_billus.
_c19 cm.
500 _aIn Napali.
651 0 _aNepal
_xCivilization.
999 _c77051
_d77051